[Event "EU-ch Seniors 65 22nd"]
[Site "Acqui Terme"]
[Date "2023.06.03"]
[Round "9"]
[White "Fischdick, Gisela"]
[Black "Kortis, Wim"]
[Result "1-0"]
[WhiteElo "2205"]
[BlackElo "2110"]
[PlyCount "51"]
[EventDate "2023.05.26"]
[EventType "swiss"]
[EventRounds "9"]
[EventCountry "ITA"]
[SourceTitle "CBM 214 Extra"]
[Source "ChessBase"]
[SourceDate "2023.07.31"]
[SourceVersion "1"]
[SourceVersionDate "2023.07.31"]
[SourceQuality "1"]

1. d4 g6 2. c4 Bg7 3. Nc3 c5 4. d5 d6 5. e4 e6 6. Nf3 Ne7 7. Bd3 0-0 8. 0-0 exd5 9. cxd5 a6 10. a4 Bg4 11. h3 Bxf3 12. Qxf3 Nd7 13. Qd1 Qc7 14. a5 h6 15. Re1 Rae8 16. Bd2 Ne5 17. Bf1 f5 18. f4 Nd7 19. exf5 Nxf5 20. Bd3 Bd4+ 21. Kh2 Bf2 22. Rxe8 Rxe8 23. Qg4 Kf7 24. Bxf5 gxf5 25. Qh5+ Ke7 26. Qe2+ 1-0

[Event "EU-ch Seniors 65 22nd"]
[Site "Acqui Terme"]
[Date "2023.05.27"]
[Round "2"]
[White "Hilarius, Sander"]
[Black "Kortis, Wim"]
[Result "0-1"]
[WhiteElo "1899"]
[BlackElo "2110"]
[PlyCount "83"]
[EventDate "2023.05.26"]
[EventType "swiss"]
[EventRounds "9"]
[EventCountry "ITA"]
[SourceTitle "CBM 214 Extra"]
[Source "ChessBase"]
[SourceDate "2023.07.31"]
[SourceVersion "1"]
[SourceVersionDate "2023.07.31"]
[SourceQuality "1"]

1. d4 g6 2. c4 Bg7 3. Nc3 c5 4. d5 d6 5. e4 e6 6. Bd3 Ne7 7. Bg5 h6 8. Be3 0-0 9. Qd2 Kh7 10. Nge2 exd5 11. cxd5 Nd7 12. f4 f5 13. 0-0 Nf6 14. Ng3 Ng4 15. Nge2 fxe4 16. Bxe4 Nf5 17. Bxf5 Bxf5 18. Rf3 Re8 19. h3 Nxe3 20. Rxe3 Rxe3 21. Qxe3 Qf8 22. Qf3 Re8 23. Rf1 c4 24. g4 Bd3 25. f5 gxf5 26. gxf5 Bf6 27. Rf2 Re5 28. Ng3 Bh4 29. Rg2 Bxg3 30. Qxg3 Rxf5 31. Qg6+ Kh8 32. Qg3 b5 33. a3 a5 34. Rf2 b4 35. axb4 axb4 36. Rxf5 Qxf5 37. Nb5 Qf1+ 38. Kh2 Qe2+ 39. Qg2 Qxg2+ 40. Kxg2 c3 41. Nxc3 bxc3 42. bxc3 0-1